| 000 | 01119cam a2200241 a 4500 | ||
|---|---|---|---|
| 999 |
_c56815 _d56815 |
||
| 001 | 16407302 | ||
| 005 | 20221114174041.0 | ||
| 008 | 100813m20109999enka b 001 0 eng | ||
| 020 | _a9780199750986x | ||
| 041 | 0 | _aeng | |
| 080 | _a376(035) T-44 | ||
| 245 | 0 | 4 |
_aThe Oxford handbook of deaf studies, language, and education / _ceditor -in Chief: Peter E. NATHAN , edited by : Marc Marschark and Patricia Elizabeth Spencer. |
| 246 | 3 | 0 | _aDeaf studies, language, and education |
| 264 |
_aNew York : _bOxford University Press, _c2010 |
||
| 300 |
_a506 p . : _bill. ; _c26 cm. |
||
| 653 | _aყრუ ბავშვების სწავლა განათლება | ||
| 653 | _aგანათლება | ||
| 653 | _aგანსაკუთრებულ პირთა ჯგუფის განათლება, სწავლება და მომზადება | ||
| 700 | 1 |
_aMarschark, Marc. _9658 _eრედაქტორი |
|
| 700 | 1 |
_aSpencer, Patricia Elizabeth. _9659 _eრედაქტორი |
|
| 830 | 0 |
_aOxford library of psychology. _9660 |
|
| 942 |
_2udc _cBK |
||